Μεθοδολογία ασφαλών κατανεμημένων υπολογισμών : πτυχιακή εργασία

Αποθηκεύτηκε σε:
Λεπτομέρειες βιβλιογραφικής εγγραφής
Κύριος συγγραφέας: Σταυρόπουλος, Αγγελος
Συγγραφή απο Οργανισμό/Αρχή: Πανεπιστήμιο Αιγαίου. Σχολή Θετικών Επιστημών. Τμήμα Μαθηματικών
Μορφή: Thesis Βιβλίο
Γλώσσα:Greek
Δημοσίευση: Καρλόβασι, Σάμος : Πανεπιστήμιο Αιγαίου, Τμήμα Μαθηματικών, 1994.
Θέματα:
Ετικέτες: Προσθήκη ετικέτας
Δεν υπάρχουν, Καταχωρήστε ετικέτα πρώτοι!

MARC

LEADER 00000cam a2200000 i 4500
001 1/55680
008 981022s1994 gr ||| | gre||
035 |l 10045354 
040 |a GR-MyUA  |b gre  |e AACR2 
041 0 |a gre 
082 0 |a 004.36   |2 (21) 
100 1 |a Σταυρόπουλος, Αγγελος. 
245 1 0 |a Μεθοδολογία ασφαλών κατανεμημένων υπολογισμών :   |b πτυχιακή εργασία /   |c Σταυρόπουλος Αγγελος ; επιβλέπων καθηγητής, Σωκράτης Κάτσικας.  
260 |a Καρλόβασι, Σάμος :   |b Πανεπιστήμιο Αιγαίου, Τμήμα Μαθηματικών,   |c 1994.  
300 |a 72 σ. ;   |c 30 εκ. 
500 |a Μέλη της εξεταστικής επιτροπής: Σωκράτης Κάτσικας (εποπτεύων), Νικόλαος Χατζησάββας, Δημήτρης Γκρίτζαλης.  
502 |a Πτυχιακή εργασία – Πανεπιστήμιο Αιγαίου, Σάμος, 1994. 
504 |a Περιλαμβλανει βιβλιογραφίες.  
610 2 0 |a University of the Aegean  |x Dissertations. 
650 0 0 |a Electronic data processing  |x Distributed processing. 
650 0 0 |a Computer networks. 
650 0 0 |a Dissertations, Academic  |z Greece. 
700 1 |a Κάτσικας, Σωκράτης,  |e dgs 
710 2 |a Πανεπιστήμιο Αιγαίου.   |b Σχολή Θετικών Επιστημών.   |b Τμήμα Μαθηματικών. 
852 |a INST  |b SAMOS  |c DIATR  |e 19981022  |h 004.36 ΣΤΑ  |p 005300004236  |q 005300004236  |t DIE  |y 23 
901 |a BIBL-1998-3 
909 |a Σ  |b 035866 
924 |a Σταυρόπουλος  |b Αγγελος  |y Σάμος  |z 1994-11 
970 |a ΚΟΣΙΕΡΗΣ  |b ΧΡΗΣΤΟΣ  |z 2004/05/20